| 000 | 00942nam a2200253 i 4500 | ||
|---|---|---|---|
| 003 | IT-RoINE | ||
| 005 | 20201104080215.0 | ||
| 008 | 051019s2004 uk | r ||| ||eng d | ||
| 020 | _a1855661004 | ||
| 040 |
_aSpMaBN _bspa _cIT-RoINE _erdc |
||
| 100 | 1 |
_aVivanco, Laura, _d1974- _911787 |
|
| 245 | 1 | 0 |
_aDeath in fifteenth-century Castile : _bideologies of the elites / _cLaura Vivanco. |
| 260 |
_aWoodbridge, Suffolk : _bTamesis, _c2004. |
||
| 300 |
_aVI, 211 p. ; _c24 cm. |
||
| 336 |
_2rdacontent _atext |
||
| 337 |
_2rdamedia _aunmediated |
||
| 338 |
_2rdacarrier _avolume |
||
| 490 | 1 | 0 |
_aColección Támesis. _aSerie A, _aMonografías ; _v205 |
| 504 | _aBibliografía: p. [189]-204. Índice | ||
| 650 | 4 |
_aRitos y ceremonias fúnebres _zCastilla (Reino) _911790 _xHistoria |
|
| 650 | 4 |
_911789 _aMuerte _xAspecto social _zCastilla (Reino) _xHistoria |
|
| 830 | 0 |
_aColección Támesis. _nSerie A, _pMonografías ; _911825 _v205 |
|
| 942 | _cMTS | ||
| 999 |
_c5537 _d5537 |
||